01125nam a2200229 a 4500999001500000001000500015003000500020005001700025008004100042040002600083245015500109260006600264505011100330650005200441650008000493650003200573710005600605710004700661856007200708942001300780952010200793 c5504d55045504CDMR20230417133554.0130130s2009||||||||||||||||||||||||||||d aCDMRbcatcCPC GIRONA 0aRecomanacions sobre el tractament de la violència masclista als mitjans de comunicacióc/ Associació de Dones Periodistes de Catalunya [et. al.] a[Barcelona] b: Col·legi de Periodistes de Catalunyac, 2009 aAquestes recomanacions han estat actualitzades el 2022, vegeu https://omeka.periodistes.cat/items/show/675 093818aMitjans de comunicació de massa i dones 094838aViolència envers les dones en els mitjans de comunicació de massa 09983aÈtica periodística2 9855aAssociació de Dones Periodistes de Catalunya2 9133aCol·legi de Periodistes de Catalunya uhttps://omeka.periodistes.cat/items/show/505zAccessible en línia cMON2udc 00104070aGIRONAbGIRONAd2010-12-03l0oBm 335pGIRONA15070036r2013-01-16w2013-01-16yFULLET